|
|
|
|
| LEADER |
01874nam a22005412i 4500 |
| 001 |
001521671 |
| 003 |
CZ BrMZK |
| 005 |
20160425072844.0 |
| 007 |
ta |
| 008 |
160419s1977 gw er|||||||||||ger d |
| 020 |
|
|
|a 3-7831-0467-X
|q (brož.)
|
| 040 |
|
|
|a ABD027
|b cze
|e rda
|
| 045 |
|
|
|a x-y-
|
| 072 |
|
7 |
|a 27-5
|x Liturgie. Křesťanské umění a symbolika. Duchovní život
|2 Konspekt
|9 5
|
| 080 |
|
|
|a 2-587
|2 MRF
|
| 080 |
|
|
|a 2-58
|2 MRF
|
| 080 |
|
|
|a 2-587.7
|2 MRF
|
| 080 |
|
|
|a 2-584.5
|2 MRF
|
| 080 |
|
|
|a 316.42"19/20"
|2 MRF
|
| 080 |
|
|
|a 316.422
|2 MRF
|
| 080 |
|
|
|a 13
|2 MRF
|
| 080 |
|
|
|a 27-484.7
|2 MRF
|
| 080 |
|
|
|a 2-1:141.72
|2 MRF
|
| 080 |
|
|
|a 274/278-1
|2 MRF
|
| 080 |
|
|
|a (049)
|2 MRF
|
| 100 |
1 |
|
|a Sölle, Dorothee,
|d 1929-2003
|7 skuk0005334
|4 aut
|
| 245 |
1 |
4 |
|a Die Hinreise zur religiösen Erfahrung :
|b Texte und Überlegungen /
|c Dorothee Sölle
|
| 250 |
|
|
|a 4. Auflage
|
| 264 |
|
1 |
|a Stuttgart :
|b Kreuz Verlag,
|c 1977
|
| 300 |
|
|
|a 190 stran
|
| 336 |
|
|
|a text
|b txt
|2 rdacontent
|
| 337 |
|
|
|a bez média
|b n
|2 rdamedia
|
| 338 |
|
|
|a svazek
|b nc
|2 rdacarrier
|
| 648 |
|
7 |
|a 20.-21. století
|7 ch462155
|2 czenas
|
| 650 |
0 |
7 |
|a mystika
|7 ph123078
|2 czenas
|
| 650 |
0 |
7 |
|a spiritualita
|7 ph116237
|2 czenas
|
| 650 |
0 |
7 |
|a duchovní zkušenosti
|7 ph547723
|2 czenas
|
| 650 |
0 |
7 |
|a duchovní cesta
|7 ph119626
|2 czenas
|
| 650 |
0 |
7 |
|a postmoderní společnost
|7 ph124410
|x duchovní pojetí
|2 czenas
|
| 650 |
0 |
7 |
|a globalizace
|7 ph120568
|x duchovní pojetí
|2 czenas
|
| 650 |
0 |
7 |
|a teologie osvobození
|7 ph138525
|2 czenas
|
| 650 |
0 |
7 |
|a feministická teologie
|7 ph120161
|2 czenas
|
| 650 |
0 |
7 |
|a protestantská teologie
|7 ph124664
|y 20.-21. století
|2 czenas
|
| 655 |
|
7 |
|a pojednání
|7 fd133056
|2 czenas
|
| 910 |
|
|
|a BOA001
|b M1-1365.520
|
| 990 |
|
|
|a BK
|
| 991 |
|
|
|b 201604
|
| 996 |
7 |
|
|b 2610668435
|c M1-1365.520
|l MZK
|r Sklad / do 24 hodin
|n 0
|p dar
|w 001557200
|u 000010
|a 1
|e BOA001
|j MZK50
|s A
|